01177nac a22002651u 4500010001600000020004100016082001600057090001500073100003400088245021600122260005700338300003300395440003700428500002500465504005100490511002800541650002300569650001700592650002500609700002600634710009000660942001800750999001500768952012800783 a 96014340 a0023110465 (cloth : acid-free paper)00a355.03bCUL c8570d8570 a20080729 04aThe culture of national security :bnorms and identity in world politics /cedited by Peter J. Katzenstein ; [sponsored by the Committee on International Peace & Security of the Social Science Research Council]. aNew York :bColumbia University Press,c1996.cc1996. axv, 562 p. :bill. ;c24 cm. 0aNew directions in world politics aDistributer: Baccah. aIncludes bibliographical references and index. aCatalogued By: Mahitab. 0aNational security. 0aNationalism. 0aSocial institutions.1 aKatzenstein, Peter J.2 aSocial Science Research Council (U.S.).bCommittee on International Peace & Security. cBBk355.03CUL c8570d8570 00104070aMAINbMAINc1STd2013-03-08ePurchasel1o355.03CULp000010372q2009-07-27r2009-02-17 00:00:00s2009-02-17yBB